Elektronický strážcovia sa presadzujú ťažko

Projekt Helps je domáca starostlivosť, ktorá sa zaoberá inovatívnymi formami starostlivosti o starých a ohrozených ľudí v ich vlastnom, domácom prostredí. Skúsenosti a praktický prínos elektronických strážcov.

Gespeichert in:
Bibliographische Detailangaben
1. Verfasser: Krištofičová, Dagmar
Format: Buchkapitel
Sprache:Slowakisch
Schlagworte:
Tags: Tag hinzufügen
Keine Tags, Fügen Sie das erste Tag hinzu!

MARC

LEADER 00000naa a2200000 4500
001 0183469
005 20231005103722.1
041 0 |a slo 
044 |a SK 
245 1 0 |a Elektronický strážcovia sa presadzujú ťažko  |c Dagmar Krištofičová 
520 |a Projekt Helps je domáca starostlivosť, ktorá sa zaoberá inovatívnymi formami starostlivosti o starých a ohrozených ľudí v ich vlastnom, domácom prostredí. Skúsenosti a praktický prínos elektronických strážcov. 
610 2 0 |a služby sociálne 
610 2 0 |a služby starostlivosti sociálnej 
610 2 0 |a technológie informačné 
610 2 0 |a technológie komunikačné 
610 2 0 |a starostlivosť o prestárlych 
610 2 0 |a seniori 
100 1 |a Krištofičová, Dagmar